[Event "Hilton Open 2013"]
[Site "Basel"]
[Date "2013.01.02"]
[Round "3.22"]
[White "Stolniceanu, Victor Dumitru"]
[Black "Bogdanovich, Grigory"]
[Result "0-1"]
[WhiteElo "2135"]
[BlackElo "2343"]
[PlyCount "82"]
[EventDate "2013.??.??"]
[SourceDate "2013.01.01"]

1. d4 b6 2. c4 e6 3. e4 Bb7 4. f3 e5 5. Be3 exd4 6. Bxd4 Nc6 7. Be3 Bb4+ 8. Nd2
Qe7 9. Nh3 f5 10. Qc2 fxe4 11. O-O-O Nf6 12. Nxe4 Nxe4 13. fxe4 O-O 14. a3 Bd6
15. g3 Ne5 16. Nf4 Bxa3 17. Nd5 Bxd5 18. Rxd5 Bd6 19. Bh3 c6 20. Rdd1 Bc5 21.
Bf4 d6 22. Qc3 a5 23. Bxe5 Qxe5 24. Qxe5 dxe5 25. Bd7 Rf6 26. Rhf1 Raf8 27. Rf5
Bd4 28. Rdf1 c5 29. Kc2 Kf7 30. Rxf6+ gxf6 31. g4 Rd8 32. Bf5 Kg7 33. Rf3 Bg1
34. h4 Rd4 35. b3 a4 36. h5 a3 37. Rf1 Be3 38. Ra1 Rd2+ 39. Kc3 Bd4+ 40. Kxd2
Bxa1 41. Ke2 a2 0-1

[Event "Hilton Open 2013"]
[Site "Basel"]
[Date "2013.01.02"]
[Round "3.23"]
[White "Grandadam, Nicolas"]
[Black "Sommerhalder, Eric"]
[Result "1-0"]
[WhiteElo "2322"]
[BlackElo "2054"]
[PlyCount "91"]
[EventDate "2013.??.??"]
[SourceDate "2013.01.01"]

1. Nf3 d5 2. d4 Bf5 3. c4 Nf6 4. Nc3 e6 5. cxd5 exd5 6. Qb3 Nc6 7. Bd2 Be7 8.
Rc1 O-O 9. e3 Nb4 10. Na4 a5 11. a3 b5 12. Nc5 Na6 13. Bxb5 Nxc5 14. dxc5 Ne4
15. Nd4 Bg6 16. Nc6 Qd7 17. Qxd5 Qe8 18. f3 Nxd2 19. Qxd2 Bg5 20. Kf2 Rd8 21.
Qe2 Ra8 22. Rhd1 Qe6 23. Rc3 Bf6 24. Nd4 Qe7 25. Rcc1 Kh8 26. Kg1 Bg5 27. Kf2
Rad8 28. b4 axb4 29. axb4 Ra8 30. f4 Bf6 31. Bc6 Rab8 32. Bf3 Be4 33. b5 Bxf3
34. gxf3 Bh4+ 35. Kg2 Qf6 36. Kh1 Rfe8 37. Rd3 Rbd8 38. Qd2 Rd5 39. Ra3 Rh5 40.
Rca1 Rxc5 41. Ra8 Qe7 42. Nc6 Qf8 43. Rxe8 Qxe8 44. Qb4 Rd5 45. Qe4 Qxe4 46.
fxe4 1-0

[Event "Hilton Open 2013"]
[Site "Basel"]
[Date "2013.01.02"]
[Round "3.24"]
[White "Ernst, Rolf"]
[Black "Vulevic, Vjekoslav"]
[Result "0-1"]
[WhiteElo "2131"]
[BlackElo "2299"]
[PlyCount "82"]
[EventDate "2013.??.??"]
[SourceDate "2013.01.01"]

1. d4 e6 2. Nf3 f5 3. c4 Nf6 4. Nc3 Be7 5. e3 O-O 6. Be2 d6 7. b3 Qe8 8. O-O
Ne4 9. Nxe4 fxe4 10. Nd2 d5 11. f3 Bg5 12. f4 Bf6 13. Ba3 Rf7 14. Rc1 a5 15. c5
Nc6 16. Nb1 Bd7 17. Qd2 Ne7 18. Nc3 Nf5 19. Bb2 g6 20. Nd1 Rg7 21. Nf2 h5 22.
g4 Nh4 23. g5 Bd8 24. a4 b6 25. cxb6 cxb6 26. Kh1 b5 27. axb5 Bxb5 28. Rc5 Bxe2
29. Qxe2 Rb7 30. Qc2 Nf5 31. Nd1 Rab8 32. Bc3 Bb6 33. Re1 Bxc5 34. dxc5 Qb5 35.
Qa2 Qxc5 36. Bxa5 Rxb3 37. Qa1 d4 38. exd4 Qd5 39. Bc7 Ra8 40. Qc1 e3+ 41. Kg1
Ra2 0-1

[Event "Hilton Open 2013"]
[Site "Basel"]
[Date "2013.01.02"]
[Round "3.25"]
[White "Giesler, Julius"]
[Black "Maeurer, Christoph"]
[Result "1-0"]
[WhiteElo "2089"]
[BlackElo "2291"]
[PlyCount "77"]
[EventDate "2013.??.??"]
[SourceDate "2013.01.01"]

1. e4 e6 2. d4 d5 3. Nc3 Nf6 4. e5 Nfd7 5. f4 c5 6. Nf3 Nc6 7. Be3 Qb6 8. Na4
Qa5+ 9. c3 c4 10. b4 Qc7 11. Be2 Be7 12. O-O f5 13. exf6 Nxf6 14. Ne5 O-O 15.
Bf3 Ne8 16. g4 Nd6 17. Bg2 a5 18. a3 Nb5 19. Rf3 b6 20. Qc2 Bd8 21. Rh3 g6 22.
Nxg6 hxg6 23. Nxb6 Qg7 24. Nxa8 Bb7 25. f5 Ncxd4 26. cxd4 Nxd4 27. Qd1 Nb3 28.
Bh6 Qxa1 29. Qxa1 Nxa1 30. Bxf8 Bxa8 31. Bd6 exf5 32. Be5 Bb6+ 33. Kh1 d4 34.
Bxa8 c3 35. Bd5+ Kf8 36. Rh8+ Ke7 37. Rh7+ Ke8 38. Rb7 c2 39. Bf4 1-0

[Event "Hilton Open 2013"]
[Site "Basel"]
[Date "2013.01.02"]
[Round "3.26"]
[White "Xheladini, Mahmut"]
[Black "Guo, Emma"]
[Result "0-1"]
[WhiteElo "2281"]
[BlackElo "2006"]
[PlyCount "68"]
[EventDate "2013.??.??"]
[SourceDate "2013.01.01"]

1. e4 e5 2. Nf3 Nc6 3. Bb5 f5 4. d3 fxe4 5. dxe4 Nf6 6. Bg5 Bc5 7. O-O d6 8. c3
O-O 9. Nbd2 Qe8 10. Bh4 Kh8 11. b4 Bb6 12. Re1 Nh5 13. Bf1 Bg4 14. Qb3 Qg6 15.
Kh1 Rf4 16. Bg3 Nxg3+ 17. fxg3 Rf6 18. Be2 Bxf3 19. Bxf3 Qxg3 20. Re2 Rh6 21.
Nf1 Qf4 22. a4 a5 23. b5 Ne7 24. Rd1 g5 25. Rd3 g4 26. Re1 gxf3 27. Rxf3 Qg4
28. h3 Rg8 29. Qc2 Qh4 30. Qb1 Rf6 31. Rxf6 Qxf6 32. Re2 Ng6 33. Nh2 Nf4 34.
Qf1 Qg6 0-1

[Event "Hilton Open 2013"]
[Site "Basel"]
[Date "2013.01.02"]
[Round "3.27"]
[White "Deubelbeiss, Rene"]
[Black "Hess, Christian Mathias"]
[Result "1-0"]
[WhiteElo "2015"]
[BlackElo "2269"]
[PlyCount "77"]
[EventDate "2013.??.??"]
[SourceDate "2013.01.01"]

1. c4 c5 2. g3 g6 3. Bg2 Bg7 4. Nc3 Nc6 5. Nf3 e6 6. O-O Nge7 7. d3 O-O 8. Bf4
d6 9. Qd2 Nf5 10. e4 Nfd4 11. Nxd4 Nxd4 12. Bh6 a6 13. Bxg7 Kxg7 14. e5 dxe5
15. Rae1 f6 16. Ne4 Qe7 17. Qa5 Rb8 18. Qxc5 Qxc5 19. Nxc5 b6 20. Ne4 Bb7 21.
f4 exf4 22. gxf4 Rfd8 23. Rf2 Nf5 24. Ng3 Nd4 25. b4 Kf7 26. Ne4 Nf5 27. Rd2
Rd4 28. a3 Rbd8 29. c5 Bxe4 30. Bxe4 bxc5 31. bxc5 Rc8 32. Rc1 Nd6 33. Bg2 Rxf4
34. Rb2 Rc7 35. Rb6 Nf5 36. Rb7 Rxb7 37. Bxb7 Nd4 38. Rc4 Nf3+ 39. Bxf3 1-0

[Event "Hilton Open 2013"]
[Site "Basel"]
[Date "2013.01.02"]
[Round "3.28"]
[White "Nuri, Kambez"]
[Black "Tillmann, Marc"]
[Result "1-0"]
[WhiteElo "2241"]
[BlackElo "1999"]
[PlyCount "67"]
[EventDate "2013.??.??"]
[SourceDate "2013.01.01"]

1. e4 e6 2. d4 d5 3. Nc3 Bb4 4. exd5 exd5 5. Bd3 Nf6 6. a3 Bxc3+ 7. bxc3 O-O 8.
Ne2 b6 9. O-O c5 10. dxc5 bxc5 11. c4 Be6 12. cxd5 Bxd5 13. Bg5 Nbd7 14. Nf4
Bc6 15. Nh5 h6 16. Bh4 g6 17. Nxf6+ Nxf6 18. Qc1 g5 19. Bg3 Qd5 20. f3 Rad8 21.
Qb2 Qd4+ 22. Qxd4 cxd4 23. Be5 Nh5 24. Rab1 f6 25. Bg3 Nxg3 26. hxg3 Rfe8 27.
Rb4 Re7 28. Rfb1 Kg7 29. Rc4 Be8 30. Rbb4 Red7 31. Bf5 Bf7 32. Bxd7 Bxc4 33.
Rb7 Kg6 34. g4 1-0

[Event "Hilton Open 2013"]
[Site "Basel"]
[Date "2013.01.02"]
[Round "3.30"]
[White "Sand, Rolf"]
[Black "Tschann, Stephan"]
[Result "0-1"]
[WhiteElo "1949"]
[BlackElo "2224"]
[PlyCount "60"]
[EventDate "2013.??.??"]
[SourceDate "2013.01.01"]

1. c4 c6 2. Nf3 d5 3. d4 Nf6 4. Qc2 dxc4 5. Qxc4 Bg4 6. Ne5 Be6 7. Qd3 Nbd7 8.
Nf3 Nb6 9. Nc3 Bc4 10. Qc2 e6 11. g3 Rc8 12. Bg2 c5 13. dxc5 Bxc5 14. O-O O-O
15. Bg5 Nbd5 16. Rad1 Qa5 17. Bxf6 Nxf6 18. Nd2 Bxe2 19. Nb3 Bxd1 20. Rxd1 Qb4
21. a3 Qb6 22. Nxc5 Rxc5 23. Qe2 Qb3 24. Rd4 a5 25. Qd2 Rcc8 26. a4 Qb6 27. Rd6
Qc7 28. h3 Rfd8 29. Rxd8+ Rxd8 30. Qe2 b6 0-1

[Event "Hilton Open 2013"]
[Site "Basel"]
[Date "2013.01.02"]
[Round "3.32"]
[White "Melkumjanz, Nikolay"]
[Black "Schenker, Roberto"]
[Result "0-1"]
[WhiteElo "2256"]
[BlackElo "2129"]
[PlyCount "58"]
[EventDate "2013.??.??"]
[SourceDate "2013.01.01"]

1. e4 c5 2. b4 cxb4 3. a3 d5 4. exd5 Qxd5 5. Nf3 e5 6. axb4 Bxb4 7. c3 Be7 8.
Na3 Nc6 9. Nb5 Qd8 10. d4 e4 11. Ng1 Nf6 12. d5 Bc5 13. Bf4 O-O 14. Nc7 Ne7 15.
Nxa8 Nexd5 16. Bg3 e3 17. f3 Nh5 18. Ne2 Bf5 19. Nc7 Nb4 20. Nd4 Bxd4 21. Nb5
Nc2+ 22. Ke2 Qd5 23. Nd6 Nxg3+ 24. hxg3 Qxd6 25. Rh5 Bg6 26. Rc5 Nxa1 27. Qxd4
Qa6+ 28. c4 Qa2+ 29. Kd1 Qc2+ 0-1

[Event "Hilton Open 2013"]
[Site "Basel"]
[Date "2013.01.02"]
[Round "3.34"]
[White "Villegas, Pierre"]
[Black "Bender, Dirk"]
[Result "1-0"]
[WhiteElo "2234"]
[BlackElo "2047"]
[PlyCount "81"]
[EventDate "2013.??.??"]
[SourceDate "2013.01.01"]

1. d4 Nf6 2. c4 e6 3. Nc3 Bb4 4. Qc2 c5 5. dxc5 Bxc5 6. Nf3 Nc6 7. Bf4 a6 8.
Rd1 O-O 9. e3 b6 10. a3 Bb7 11. Ng5 e5 12. Bg3 h6 13. Nge4 Nxe4 14. Nxe4 f5 15.
Nxc5 bxc5 16. Qd2 f4 17. exf4 exf4 18. Bxf4 Qe7+ 19. Be3 Nd4 20. Qc3 Rae8 21.
Rxd4 cxd4 22. Qxd4 Qg5 23. Rg1 Qh5 24. h3 Bc6 25. Bd3 Qf7 26. Kd2 d5 27. Rc1
Kh8 28. c5 Qc7 29. Bxh6 Qe5 30. Qxe5 Rxe5 31. Be3 d4 32. Bxd4 Rd5 33. Rc4 Bb5
34. Rb4 Bxd3 35. Kxd3 Rxf2 36. Ke4 Rff5 37. g4 Rg5 38. h4 Rxd4+ 39. Kxd4 Rxg4+
40. Kd5 Rg1 41. c6 1-0

[Event "Hilton Open 2013"]
[Site "Basel"]
[Date "2013.01.02"]
[Round "3.35"]
[White "Janasik, Gerhard"]
[Black "Grandadam, Patrick"]
[Result "1/2-1/2"]
[WhiteElo "2014"]
[BlackElo "2204"]
[PlyCount "31"]
[EventDate "2013.??.??"]
[SourceDate "2013.01.01"]

1. e4 c5 2. c4 Nc6 3. Nc3 e6 4. g3 g6 5. Bg2 Bg7 6. Nge2 Nge7 7. O-O O-O 8. Rb1
b6 9. a3 Bb7 10. d3 Nd4 11. Nxd4 cxd4 12. Ne2 d5 13. exd5 exd5 14. Nf4 Rb8 15.
cxd5 Nxd5 16. Qb3 1/2-1/2

[Event "Hilton Open 2013"]
[Site "Basel"]
[Date "2013.01.02"]
[Round "3.36"]
[White "Michaelis, Nico"]
[Black "Terraz, Christian"]
[Result "1/2-1/2"]
[WhiteElo "2165"]
[BlackElo "2098"]
[PlyCount "23"]
[EventDate "2013.??.??"]
[SourceDate "2013.01.01"]

1. d4 Nf6 2. c4 d6 3. Nc3 Nbd7 4. e4 e5 5. d5 Be7 6. Be3 Nf8 7. f3 c6 8. Qd2
Qc7 9. Bd3 a6 10. Nge2 h6 11. g4 c5 12. Ng3 1/2-1/2

[Event "Hilton Open 2013"]
[Site "Basel"]
[Date "2013.01.02"]
[Round "3.37"]
[White "Ditzler, Juerg"]
[Black "Duessel, Udo"]
[Result "0-1"]
[WhiteElo "2038"]
[BlackElo "2228"]
[PlyCount "104"]
[EventDate "2013.??.??"]
[SourceDate "2013.01.01"]

1. Nf3 d5 2. d4 Nf6 3. c4 e6 4. g3 dxc4 5. Bg2 Nc6 6. O-O Rb8 7. Na3 b5 8. Ne5
Nxe5 9. dxe5 Nd5 10. Nc2 Bc5 11. a4 a6 12. Nd4 Qd7 13. e3 O-O 14. axb5 axb5 15.
Qh5 Bb7 16. Rd1 Qe8 17. Qg4 Nb4 18. Bf1 Kh8 19. b3 Bxd4 20. exd4 Qc6 21. f3
Qxf3 22. Qxf3 Bxf3 23. Rd2 cxb3 24. Rb1 Na2 25. Rxb3 Bd5 26. Rb1 Nxc1 27. Rxc1
c6 28. Bg2 Bxg2 29. Kxg2 Rb6 30. Ra2 b4 31. Kf3 h6 32. Ke4 Rd8 33. Ra7 Kg8 34.
Rf1 Rf8 35. Kd3 b3 36. Rc7 f6 37. exf6 Rxf6 38. Rb1 b2 39. Kc4 Rf2 40. Kc5 Ra6
41. Rb7 Rc2+ 42. Kd6 c5+ 43. Ke5 Re2+ 44. Kf4 cxd4 45. R7xb2 e5+ 46. Kf3 Rxb2
47. Rxb2 Kf7 48. h4 Rd6 49. Ke4 Ke6 50. Rb5 d3 51. Rb1 d2 52. Rd1 h5 0-1

[Event "Hilton Open 2013"]
[Site "Basel"]
[Date "2013.01.02"]
[Round "3.38"]
[White "Winterberg, Lukas"]
[Black "Prill, Gerhard"]
[Result "1-0"]
[WhiteElo "2212"]
[BlackElo "2056"]
[PlyCount "29"]
[EventDate "2013.??.??"]
[SourceDate "2013.01.01"]

1. d4 Nf6 2. c4 e6 3. Nf3 b6 4. g3 Ba6 5. Qc2 c5 6. d5 d6 7. dxe6 fxe6 8. Bh3
Bc8 9. Nc3 Bd7 10. Ng5 Nc6 11. Bxe6 Nd4 12. Bf7+ Ke7 13. Qe4+ Be6 14. Nd5+ Nxd5
15. cxd5 1-0

[Event "Hilton Open 2013"]
[Site "Basel"]
[Date "2013.01.02"]
[Round "3.39"]
[White "Staechelin, Ruedi"]
[Black "Eidinger, Helmut"]
[Result "1/2-1/2"]
[WhiteElo "2078"]
[BlackElo "2137"]
[PlyCount "85"]
[EventDate "2013.??.??"]
[SourceDate "2013.01.01"]

1. e4 c5 2. Nf3 Nc6 3. Bb5 g6 4. O-O Bg7 5. Re1 Nf6 6. c3 O-O 7. h3 a6 8. Bf1
e5 9. d4 cxd4 10. cxd4 exd4 11. Nxd4 Nxd4 12. Qxd4 d5 13. e5 Ne4 14. Bf4 Be6
15. Nd2 Nxd2 16. Qxd2 Rc8 17. Bg5 Qd7 18. Bf6 Rc6 19. Bxg7 Kxg7 20. Qd4 Rfc8
21. Rad1 Qe7 22. Bd3 Kg8 23. a3 Qg5 24. f4 Qh4 25. Qf2 Qxf2+ 26. Kxf2 h5 27.
Ke2 Kg7 28. Kd2 f6 29. Rc1 fxe5 30. Rxc6 Rxc6 31. Rxe5 Kf6 32. Rg5 Bf7 33. h4
Ke7 34. g3 a5 35. f5 gxf5 36. Bxf5 Rb6 37. Kc3 d4+ 38. Kxd4 Rxb2 39. Bd3 b6 40.
Re5+ Kd6 41. Rb5 Rxb5 42. Bxb5 Bg6 43. Be2 1/2-1/2

[Event "Hilton Open 2013"]
[Site "Basel"]
[Date "2013.01.02"]
[Round "3.40"]
[White "Braeunlin, Klaus"]
[Black "Spiess, Thomas"]
[Result "1-0"]
[WhiteElo "2131"]
[BlackElo "2028"]
[PlyCount "143"]
[EventDate "2013.??.??"]
[SourceDate "2013.01.01"]

1. e4 c5 2. Nf3 e6 3. Nc3 Nc6 4. b3 a6 5. Bb2 Qc7 6. g3 b6 7. Bg2 Bb7 8. O-O
Nf6 9. Re1 e5 10. Nd5 Nxd5 11. exd5 Ne7 12. Nxe5 d6 13. Nd3 O-O-O 14. c4 h5 15.
Re4 h4 16. Rxh4 Rxh4 17. gxh4 Kb8 18. h5 Bc8 19. Qe2 Nf5 20. Re1 Nh6 21. Nf4
Bg4 22. f3 Bf5 23. Nh3 Rd7 24. Nf2 Re7 25. Ne4 Qd7 26. Qf1 Kc7 27. Qf2 Qe8 28.
Qg3 Bxe4 29. fxe4 f6 30. Bf3 Nf7 31. Qg6 Ng5 32. Qxe8 Rxe8 33. Kf2 b5 34. d3 b4
35. h4 Nf7 36. Be2 a5 37. Ra1 Ne5 38. a3 Kb7 39. a4 Be7 40. Rg1 Bf8 41. Ke3 Kc7
42. Rf1 Kd8 43. d4 Nd7 44. Bd3 Be7 45. Rf5 cxd4+ 46. Bxd4 Rh8 47. Be2 Rh6 48.
Kd3 Kc7 49. Be3 Rh8 50. Bd1 Ne5+ 51. Kc2 Nd7 52. Rf2 Ne5 53. Rg2 Bf8 54. Bf4
Nd7 55. h6 gxh6 56. Rg6 Rh7 57. Bg4 Ne5 58. Rg8 Be7 59. Bf5 Rf7 60. Bxh6 Kb7
61. Rg7 Kc7 62. Rxf7 Nxf7 63. Be3 Bf8 64. Bf4 Bh6 65. Bxh6 Nxh6 66. Be6 Kb7 67.
c5 dxc5 68. Kd3 Kc7 69. Kc4 Kd6 70. Kb5 Ke5 71. Kxc5 Kxe4 72. d6 1-0

[Event "Hilton Open 2013"]
[Site "Basel"]
[Date "2013.01.02"]
[Round "3.41"]
[White "Stoeri, Laura"]
[Black "Wehrle, Uwe"]
[Result "1-0"]
[WhiteElo "2053"]
[BlackElo "2117"]
[PlyCount "93"]
[EventDate "2013.??.??"]
[SourceDate "2013.01.01"]

1. e4 c6 2. d4 d5 3. Nc3 dxe4 4. Nxe4 Bf5 5. Ng3 Bg6 6. h4 h6 7. Nf3 Nd7 8. h5
Bh7 9. Bd3 Bxd3 10. Qxd3 e6 11. Bf4 Qa5+ 12. Bd2 Qc7 13. O-O-O Ngf6 14. Kb1 Bd6
15. Ne4 Nxe4 16. Qxe4 Nf6 17. Qe2 O-O-O 18. Ne5 Bxe5 19. dxe5 Nd5 20. Rhe1 Kb8
21. Qg4 Rhg8 22. c4 Ne7 23. Qe4 Nf5 24. g4 Ne7 25. f4 c5 26. Bc3 Nc6 27. f5
Rxd1+ 28. Rxd1 Rd8 29. Rf1 Re8 30. f6 gxf6 31. Rxf6 Qd7 32. Qf3 Re7 33. Rxh6
Nd4 34. Qd3 Qc6 35. Rh8+ Kc7 36. a3 Rd7 37. Bxd4 Rxd4 38. Qe2 Qa4 39. Rf8 Qb3
40. Rxf7+ Kb6 41. Rf1 Rxc4 42. Rf3 Qb5 43. Ka2 Kc7 44. Rb3 Qa6 45. h6 b5 46. h7
Qc8 47. Rxb5 1-0

[Event "Hilton Open 2013"]
[Site "Basel"]
[Date "2013.01.02"]
[Round "3.42"]
[White "Jud, Marc"]
[Black "Heinis, Vincent"]
[Result "0-1"]
[WhiteElo "2032"]
[BlackElo "2101"]
[PlyCount "56"]
[EventDate "2013.??.??"]
[SourceDate "2013.01.01"]

1. e4 c5 2. Nf3 Nc6 3. d4 cxd4 4. Nxd4 e5 5. Nb5 d6 6. N1c3 a6 7. Na3 b5 8. Nd5
Nge7 9. c4 Nxd5 10. exd5 Nd4 11. cxb5 Bd7 12. Be3 axb5 13. Bxd4 exd4 14. Qxd4
Be7 15. Qd2 O-O 16. Bd3 Bg5 17. f4 Re8+ 18. Kf2 Qf6 19. Kf3 Ra4 20. g3 Qd4 21.
Rhd1 Qxd5+ 22. Kf2 Qc5+ 23. Kg2 Bf6 24. Be2 Rd4 25. Qe1 Rde4 26. Rd2 Rxe2+ 27.
Rxe2 Qd5+ 28. Kf2 Bd4+ 0-1

[Event "Hilton Open 2013"]
[Site "Basel"]
[Date "2013.01.02"]
[Round "3.43"]
[White "Graeber, Fabien"]
[Black "Brait, Wolfgang"]
[Result "1-0"]
[WhiteElo "2071"]
[BlackElo "2021"]
[PlyCount "44"]
[EventDate "2013.??.??"]
[SourceDate "2013.01.01"]

1. c4 Nf6 2. Nc3 g6 3. e4 d6 4. d4 Bg7 5. Nf3 Nc6 6. Be2 O-O 7. O-O e5 8. d5
Ne7 9. Ne1 c6 10. Nd3 cxd5 11. cxd5 a6 12. Be3 Ne8 13. Qb3 Bd7 14. Bb6 Qb8 15.
f3 Nc8 16. Be3 b5 17. Rfc1 Nb6 18. Nb4 Qb7 19. Nc6 Nc8 20. Na5 Qb8 21. Qb4 Bf6
22. Nc6 Be7 1-0

[Event "Hilton Open 2013"]
[Site "Basel"]
[Date "2013.01.02"]
[Round "3.44"]
[White "Moser, Guido"]
[Black "Kaspereit, Holger"]
[Result "1/2-1/2"]
[WhiteElo "2006"]
[BlackElo "2094"]
[PlyCount "27"]
[EventDate "2013.??.??"]
[SourceDate "2013.01.01"]

1. d4 Nf6 2. Nf3 e6 3. e3 d5 4. Bd3 Bd6 5. Nbd2 Nbd7 6. e4 dxe4 7. Nxe4 b6 8.
Nxd6+ cxd6 9. O-O Bb7 10. Re1 O-O 11. Bf4 Qc7 12. Bg3 Qc6 13. c4 Rfe8 14. b4
1/2-1/2

[Event "Hilton Open 2013"]
[Site "Basel"]
[Date "2013.01.03"]
[Round "4.2"]
[White "Loetscher, Roland"]
[Black "Vachier Lagrave, Maxime"]
[Result "0-1"]
[WhiteElo "2395"]
[BlackElo "2711"]
[PlyCount "76"]
[EventDate "2013.??.??"]
[SourceDate "2013.01.01"]

1. d4 Nf6 2. c4 g6 3. Nc3 d5 4. cxd5 Nxd5 5. e4 Nxc3 6. bxc3 Bg7 7. Nf3 c5 8.
Rb1 O-O 9. Be2 Qc7 10. O-O b6 11. Bg5 Bb7 12. Qd3 e6 13. Qe3 Nd7 14. e5 Rfc8
15. Rfc1 Rab8 16. h4 Bd5 17. Ba6 Rf8 18. a4 Rbe8 19. Re1 f6 20. exf6 Nxf6 21.
Bf4 Qe7 22. Bg5 cxd4 23. Nxd4 Qf7 24. f3 e5 25. Nb5 Re6 26. Rbd1 e4 27. Nd4
exf3 28. Nxe6 Ng4 29. Nxf8 f2+ 30. Kh1 Nxe3 31. Rxe3 Bxf8 32. Bf1 h6 33. Re5
Bb3 34. Rd8 hxg5 35. Ree8 Bxa4 36. Rxf8+ Qxf8 37. Rxf8+ Kxf8 38. hxg5 a5 0-1

[Event "Hilton Open 2013"]
[Site "Basel"]
[Date "2013.01.03"]
[Round "4.3"]
[White "Fier, Alexandr"]
[Black "Edouard, Romain"]
[Result "1/2-1/2"]
[WhiteElo "2573"]
[BlackElo "2686"]
[PlyCount "32"]
[EventDate "2013.??.??"]
[SourceDate "2013.01.01"]

1. d4 Nf6 2. c4 e6 3. Nf3 d5 4. Nc3 c5 5. cxd5 cxd4 6. Qxd4 exd5 7. e4 Nc6 8.
Bb5 dxe4 9. Qxd8+ Kxd8 10. Ng5 Be6 11. O-O Bb4 12. Ncxe4 Nxe4 13. Nxe4 Ke7 14.
Be3 Rhd8 15. Bxc6 bxc6 16. a3 Bd6 1/2-1/2

[Event "Hilton Open 2013"]
[Site "Basel"]
[Date "2013.01.03"]
[Round "4.4"]
[White "Gavrilov, Alexei"]
[Black "Istratescu, Andrei"]
[Result "0-1"]
[WhiteElo "2501"]
[BlackElo "2654"]
[PlyCount "80"]
[EventDate "2013.??.??"]
[SourceDate "2013.01.01"]

1. e4 c6 2. d4 d5 3. Nd2 g6 4. c3 Bg7 5. Bd3 dxe4 6. Nxe4 Nd7 7. Qe2 Ndf6 8.
Nf3 Nxe4 9. Bxe4 Nf6 10. Bc2 Bg4 11. Bb3 O-O 12. h3 Bxf3 13. Qxf3 a5 14. a4 Nd5
15. O-O e6 16. Rd1 Qb6 17. Bc2 Rfe8 18. Rb1 e5 19. dxe5 Rxe5 20. Bd2 Rae8 21.
Re1 Rxe1+ 22. Bxe1 Bh6 23. g3 Re6 24. Qd3 Qc5 25. Bb3 Qe7 26. Kf1 Rd6 27. Qe2
Ne3+ 28. fxe3 Rf6+ 29. Kg2 Qe4+ 30. Kh2 Qxb1 31. e4 Bc1 32. e5 Rf5 33. e6 Qxb2
34. Bc2 fxe6 35. Qxe6+ Kg7 36. Qe7+ Rf7 37. Qe5+ Kh6 38. Qe4 Qa2 39. c4 Qb2 40.
Kg1 Qf6 0-1

[Event "Hilton Open 2013"]
[Site "Basel"]
[Date "2013.01.03"]
[Round "4.5"]
[White "Melkumyan, Hrant"]
[Black "Kurmann, Oliver"]
[Result "1-0"]
[WhiteElo "2656"]
[BlackElo "2456"]
[PlyCount "91"]
[EventDate "2013.??.??"]
[SourceDate "2013.01.01"]

1. d4 Nf6 2. Nf3 e6 3. g3 b5 4. Bg5 Bb7 5. Nbd2 c5 6. c3 cxd4 7. cxd4 Be7 8.
Bxf6 Bxf6 9. e3 Bc6 10. Bd3 Qb6 11. O-O d6 12. Rc1 O-O 13. Rc3 g6 14. Qe2 a6
15. Rfc1 Rc8 16. Ne4 Be7 17. Neg5 Nd7 18. d5 exd5 19. Nd4 Bb7 20. h4 Ne5 21. f4
Nc6 22. Nxc6 Bxc6 23. Nf3 Bf6 24. R3c2 Bd7 25. Kf2 Rxc2 26. Qxc2 Re8 27. Re1
Bg4 28. Qd2 Rc8 29. Nh2 Be6 30. a3 Rc6 31. Nf3 Bg4 32. Kg2 Bxf3+ 33. Kxf3 Qc5
34. g4 Qb6 35. g5 Bg7 36. h5 a5 37. f5 gxf5 38. Bxf5 Qd8 39. Rg1 Qe7 40. h6 Qe5
41. Qd3 Bf8 42. Bxh7+ Kh8 43. Qf5 Qxf5+ 44. Bxf5 b4 45. axb4 axb4 46. Ra1 1-0

[Event "Hilton Open 2013"]
[Site "Basel"]
[Date "2013.01.03"]
[Round "4.6"]
[White "Vorotnikov, Vladislav V"]
[Black "Turov, Maxim"]
[Result "0-1"]
[WhiteElo "2464"]
[BlackElo "2630"]
[PlyCount "102"]
[EventDate "2013.??.??"]
[SourceDate "2013.01.01"]

1. d4 Nf6 2. Nc3 d5 3. Nf3 Bf5 4. Bf4 e6 5. Nh4 Nh5 6. Bg3 Bg4 7. Qd3 Be7 8.
Nf3 Bf5 9. Qd2 c5 10. dxc5 Bxc5 11. e4 dxe4 12. Qxd8+ Kxd8 13. Ng5 Nxg3 14.
hxg3 Ke7 15. Ngxe4 Bd4 16. O-O-O Rd8 17. Bd3 Nc6 18. f3 Ne5 19. Rhe1 Bxc3 20.
bxc3 Rac8 21. Kb2 Rd5 22. f4 Ng4 23. c4 Rd7 24. Kb3 g6 25. a4 b6 26. Ra1 a5 27.
Kc3 Bxe4 28. Rxe4 Nf6 29. Rd4 h5 30. Rb1 Rc6 31. Rb5 Rxd4 32. Kxd4 Nd7 33. c3
Nc5 34. Bc2 f5 35. Rb1 Kf6 36. Ke3 Rd6 37. Re1 e5 38. fxe5+ Kxe5 39. Rb1 Kf6
40. Rf1 Kg5 41. Rf4 Ne6 42. c5 Nxc5 43. Rd4 Re6+ 44. Kf2 Rc6 45. Ke3 Ne6 46.
Rd3 Rc4 47. Kd2 Nc5 48. Rd6 Nxa4 49. Bb3 Nxc3 50. Rxb6 Ne4+ 51. Ke1 Rb4 0-1

[Event "Hilton Open 2013"]
[Site "Basel"]
[Date "2013.01.03"]
[Round "4.7"]
[White "Aguera Naredo, Javier"]
[Black "Van Kampen, Robin"]
[Result "0-1"]
[WhiteElo "2417"]
[BlackElo "2581"]
[PlyCount "98"]
[EventDate "2013.??.??"]
[SourceDate "2013.01.01"]

1. e4 c5 2. Nf3 d6 3. d4 cxd4 4. Nxd4 Nf6 5. Nc3 a6 6. Be3 e5 7. Nb3 Be6 8. f3
h5 9. Qd2 Nbd7 10. Nd5 Bxd5 11. exd5 Qc7 12. c4 a5 13. Rc1 g6 14. Be2 a4 15.
Na1 Ng8 16. O-O Bh6 17. f4 Ne7 18. fxe5 Bxe3+ 19. Qxe3 Nxe5 20. Nc2 Nf5 21. Qf2
Qc5 22. Rfd1 b6 23. Nd4 Nxd4 24. Qxd4 f5 25. Rc3 Kf7 26. Qxc5 bxc5 27. Rd2 Rhb8
28. Bd1 Rb4 29. b3 a3 30. Re2 Re8 31. Rd2 Rb7 32. h3 Kf6 33. Kf2 h4 34. Be2
Rbe7 35. Rc1 Nd7 36. Bf3 Kg5 37. Rb1 Rb8 38. Rg1 Ne5 39. Be2 Kf6 40. Rc2 g5 41.
Rh1 Ng6 42. Rd2 Nf4 43. Bd1 Rbe8 44. Rf1 Re3 45. Kg1 Re1 46. Kf2 Rxf1+ 47. Kxf1
Re3 48. Bc2 Rc3 49. Kf2 g4 0-1

[Event "Hilton Open 2013"]
[Site "Basel"]
[Date "2013.01.03"]
[Round "4.8"]
[White "Bartel, Mateusz"]
[Black "Milosevic, Goran"]
[Result "1-0"]
[WhiteElo "2629"]
[BlackElo "2328"]
[PlyCount "51"]
[EventDate "2013.??.??"]
[SourceDate "2013.01.01"]

1. d4 Nf6 2. Nf3 e6 3. e3 b6 4. Bd3 Bb7 5. O-O Be7 6. c4 Be4 7. Nc3 Bxd3 8.
Qxd3 d5 9. e4 c6 10. Bf4 O-O 11. Rac1 dxe4 12. Nxe4 Nbd7 13. Rfd1 Nxe4 14. Qxe4
Rc8 15. Rc3 Nf6 16. Qe2 Nd7 17. Rcd3 Re8 18. Ne5 f6 19. Qh5 fxe5 20. dxe5 g6
21. Qg4 Nf8 22. Rxd8 Rcxd8 23. h3 Rxd1+ 24. Qxd1 a5 25. Be3 b5 26. Qf3 1-0

[Event "Hilton Open 2013"]
[Site "Basel"]
[Date "2013.01.03"]
[Round "4.9"]
[White "Pelletier, Yannick"]
[Black "Grandadam, Nicolas"]
[Result "1/2-1/2"]
[WhiteElo "2604"]
[BlackElo "2322"]
[PlyCount "87"]
[EventDate "2013.??.??"]
[SourceDate "2013.01.01"]

1. d4 d5 2. c4 c6 3. Nc3 e6 4. e3 Nf6 5. Nf3 Nbd7 6. Qc2 b6 7. Bd3 Bb7 8. O-O
dxc4 9. Bxc4 c5 10. Qe2 a6 11. a4 Bxf3 12. Qxf3 cxd4 13. exd4 Bd6 14. Qh3 Qc7
15. Bd3 O-O 16. Ne4 Bf4 17. Be3 h6 18. Rac1 Qb8 19. g3 Bxe3 20. fxe3 Nxe4 21.
Bxe4 Ra7 22. g4 Qd8 23. Qg3 e5 24. Bc6 exd4 25. exd4 Nb8 26. d5 Rc7 27. Qf4
Nxc6 28. Rxc6 Rxc6 29. dxc6 Qd5 30. Rc1 Rc8 31. c7 Qd7 32. h3 a5 33. b3 Kh8 34.
Kh2 Kg8 35. Rc2 Kh8 36. Qc4 Kg8 37. Kg2 Kf8 38. Qe4 Rxc7 39. Qa8+ Ke7 40. Re2+
Kf6 41. Rf2+ Ke7 42. Re2+ Kf6 43. Rf2+ Ke7 44. Re2+ 1/2-1/2